[Event "We LahS Lahti 2015"]
[Site "Lahti"]
[Date "2015.07.26"]
[Round "4"]
[White "Karppinen Martti"]
[Black "Sarwer Jeff"]
[Result "1-0"]
[WhiteElo "1863"]
[BlackElo "2315"]
[PlyCount "83"]
[EventDate "2015.??.??"]

1. d4 Nf6 2. c4 c5 3. d5 e6 4. dxe6 fxe6 5. g3 d5 6. Bg2 Be7 7. Nf3 Nc6 8. cxd5
exd5 9. O-O O-O 10. Bg5 h6 11. Bxf6 Bxf6 12. Nc3 Be6 13. Ne1 d4 14. Ne4 Be7 15.
b3 Qd7 16. Rc1 b6 17. Nd3 Bh3 18. Bxh3 Qxh3 19. b4 Qf5 20. f3 Ne5 21. bxc5 Nxd3
22. Qxd3 bxc5 23. Nxc5 Bxc5 24. Qc4+ Qf7 25. Qxf7+ Rxf7 26. Rxc5 Re7 27. Kf2
Rb8 28. Rfc1 Rb2 29. R1c2 Rbb7 30. Rd5 Rbd7 31. Rxd7 Rxd7 32. f4 Kf7 33. Kf3
Kg6 34. Ke4 Kh5 35. h3 g5 36. fxg5 hxg5 37. Rd2 Rf7 38. Rxd4 Rf2 39. Ke3 Rh2
40. h4 g4 41. Rd5+ Kg6 42. Rg5+ 1-0

[Event "We LahS Lahti 2015"]
[Site "Lahti"]
[Date "2015.07.26"]
[Round "4"]
[White "Maki Juha"]
[Black "Narhi Kimmo"]
[Result "1/2-1/2"]
[WhiteElo "1908"]
[BlackElo "2035"]
[PlyCount "61"]
[EventDate "2015.??.??"]

1. d4 Nf6 2. c4 e6 3. Nc3 Bb4 4. f3 Nh5 5. Nh3 c5 6. Bg5 Qa5 7. Qd3 cxd4 8.
Qxd4 Nc6 9. Qd2 d5 10. e3 O-O 11. g4 Nf6 12. Bxf6 gxf6 13. Nf4 Ne5 14. Kf2 dxc4
15. Rd1 Bd7 16. Nh5 Rfd8 17. Nxf6+ Kg7 18. Nh5+ Kh8 19. Qd4 Bxc3 20. bxc3 Be8
21. Qf4 f5 22. Rxd8 Rxd8 23. Nf6 Qxc3 24. Qh6 Bg6 25. Nxh7 Nxg4+ 26. fxg4 Bxh7
27. Bxc4 Rd2+ 28. Be2 Qb2 29. Qf8+ Bg8 30. Qh6+ Bh7 31. Qf8+ 1/2-1/2

[Event "We LahS Lahti 2015"]
[Site "Lahti"]
[Date "2015.07.26"]
[Round "4"]
[White "Peurala Jussi"]
[Black "Kumpulainen Jari"]
[Result "1/2-1/2"]
[WhiteElo "2022"]
[BlackElo "1950"]
[PlyCount "116"]
[EventDate "2015.??.??"]

1. e4 d5 2. exd5 Qxd5 3. Nf3 Nf6 4. d4 c6 5. c4 Qa5+ 6. Bd2 Qc7 7. Bd3 Bg4 8.
h3 Bh5 9. O-O e6 10. Bc3 Nbd7 11. Nbd2 Bd6 12. Re1 O-O 13. Qc2 Bg6 14. Bxg6
hxg6 15. Rad1 c5 16. Ne4 Nxe4 17. Qxe4 Nf6 18. Qe2 cxd4 19. Nxd4 Bf4 20. Qf3
Bg5 21. b3 a6 22. Rd3 e5 23. Ne2 e4 24. Qg3 Qxg3 25. Rxg3 Bh4 26. Re3 Bg5 27.
f4 exf3 28. Rxf3 Rfe8 29. Nf4 Ne4 30. Nd5 Nxc3 31. Rxe8+ Rxe8 32. Rxc3 f5 33.
Rg3 Bd8 34. Rxg6 Re2 35. a4 Rb2 36. Rd6 Bh4 37. Kf1 Rxb3 38. Rb6 Ra3 39. Rxb7
Rxa4 40. Rb4 Ra1+ 41. Ke2 a5 42. Rb7 a4 43. Kd3 a3 44. Ra7 Bg5 45. c5 Rd1+ 46.
Kc4 Rc1+ 47. Nc3 Rc2 48. Rxa3 Rxg2 49. Nd5 Rc2+ 50. Rc3 Rxc3+ 51. Kxc3 Kf7 52.
c6 Bd8 53. Kd4 Kg6 54. Ke3 Kg5 55. Nf4 Kh4 56. Kf3 g5 57. Ne6 g4+ 58. hxg4
fxg4+ 1/2-1/2

[Event "We LahS Lahti 2015"]
[Site "Lahti"]
[Date "2015.07.26"]
[Round "5"]
[White "Kiltti Jyrki"]
[Black "Luukkonen Tommi"]
[Result "0-1"]
[WhiteElo "2244"]
[BlackElo "2336"]
[PlyCount "42"]
[EventDate "2015.??.??"]

1. d4 Nf6 2. Nc3 d5 3. Bf4 g6 4. e3 Bg7 5. Be2 O-O 6. g4 c5 7. h4 Nc6 8. h5
cxd4 9. exd4 Ne4 10. Nxe4 dxe4 11. c3 e5 12. dxe5 Nxe5 13. hxg6 Nd3+ 14. Bxd3
exd3 15. gxh7+ Kh8 16. Kf1 Qd5 17. Rh3 Qc4 18. Qd2 Bxg4 19. Rg3 Be2+ 20. Kg2
Rae8 21. Bh6 Qc6+ 0-1

[Event "We LahS Lahti 2015"]
[Site "Lahti"]
[Date "2015.07.26"]
[Round "5"]
[White "Virtanen Teemu"]
[Black "Sarwer Jeff"]
[Result "0-1"]
[WhiteElo "2149"]
[BlackElo "2315"]
[PlyCount "68"]
[EventDate "2015.??.??"]

1. c4 Nc6 2. g3 e5 3. Bg2 Nf6 4. Nc3 Bc5 5. d3 O-O 6. a3 a5 7. Bg5 Bxf2+ 8. Kf1
Bc5 9. Nf3 h6 10. Bxf6 Qxf6 11. Nd5 Qd8 12. Bh3 f5 13. b4 Bd4 14. Rb1 axb4 15.
axb4 d6 16. Bg2 Ba7 17. Ke1 e4 18. Nh4 exd3 19. Qxd3 Ne5 20. Qb3 Kh7 21. Rc1 c6
22. Ne3 Qe7 23. Rf1 g6 24. Nf3 Bd7 25. Qc3 Nf7 26. Nd1 Rae8 27. Rc2 d5 28. c5
Bb8 29. Nf2 f4 30. gxf4 Bxf4 31. Ra2 Ng5 32. Nxg5+ Qxg5 33. Bh3 Re3 34. Qd4 Be5
0-1

[Event "We LahS Lahti 2015"]
[Site "Lahti"]
[Date "2015.07.26"]
[Round "5"]
[White "Lonnqvist Henrik"]
[Black "Maki Juha"]
[Result "0-1"]
[WhiteElo "2074"]
[BlackElo "1908"]
[PlyCount "58"]
[EventDate "2015.??.??"]

1. e4 e6 2. d4 d5 3. Nc3 Bb4 4. e5 c5 5. Bd2 Nh6 6. a3 Bxc3 7. Bxc3 cxd4 8.
Bxd4 Nf5 9. f4 b6 10. Nf3 Ba6 11. Bf2 Bxf1 12. Rxf1 Nd7 13. Qe2 Qc7 14. g4 Ne7
15. Nd4 a6 16. O-O-O Nc6 17. f5 Nxd4 18. Bxd4 Nc5 19. Qe3 a5 20. Kb1 Rc8 21.
Qg5 Rg8 22. Qh5 exf5 23. Qxh7 Rf8 24. gxf5 Ne4 25. c3 b5 26. Be3 Nxc3+ 27. bxc3
Qxc3 28. Bc1 Qb3+ 29. Ka1 Rc2 0-1

[Event "JoeSK We 2015 Joensuu"]
[Site "?"]
[Date "2015.07.25"]
[Round "2"]
[White "Porrasmaa Timo"]
[Black "Ivanov Sergey"]
[Result "1-0"]
[WhiteElo "2071"]
[BlackElo "2386"]
[PlyCount "95"]

1. Nf3 c5 2. c4 Nc6 3. g3 g6 4. Bg2 Bg7 5. Nc3 e5 6. d3 Nge7 7. O-O Rb8 8. Bg5
f6 9. Be3 d6 10. Ne1 O-O 11. Nc2 a6 12. Rb1 f5 13. Bg5 h6 14. Bxe7 Nxe7 15. Ne3
b5 16. cxb5 axb5 17. b4 Be6 18. Ned5 Nxd5 19. Bxd5 Bxd5 20. Nxd5 Qd7 21. Qb3
Kh7 22. Rbc1 Rfc8 23. e3 g5 24. Qd1 Qf7 25. e4 cxb4 26. Qf3 f4 27. Qg4 Rc5 28.
Rxc5 dxc5 29. Rc1 Bf8 30. h4 Bd6 31. hxg5 Rg8 32. Qf5+ Qxf5 33. exf5 Rxg5 34.
Nf6+ Kh8 35. Ne4 Be7 36. f6 Bf8 37. Nxg5 hxg5 38. Re1 Bd6 39. d4 exd4 40. Re8+
Kh7 41. Rd8 Be5 42. f7 Bg7 43. f8=Q Bxf8 44. Rxf8 fxg3 45. fxg3 d3 46. Kf2 c4
47. Ke3 Kg6 48. g4 1-0

[Event "JoeSK We 2015 Joensuu"]
[Site "?"]
[Date "2015.07.25"]
[Round "2"]
[White "Jonhede Marko"]
[Black "Hamalainen Sami"]
[Result "1/2-1/2"]
[WhiteElo "1941"]
[BlackElo "2206"]
[PlyCount "121"]

1. Nf3 g6 2. g3 Bg7 3. Bg2 Nf6 4. c4 c5 5. O-O O-O 6. Nc3 d6 7. d4 cxd4 8. Nxd4
Qa5 9. Nd5 Nxd5 10. cxd5 Bd7 11. Bd2 Qb6 12. Bc3 Na6 13. Rc1 Rac8 14. Qd2 Rc5
15. Nb3 Bxc3 16. Rxc3 Rxc3 17. Qxc3 Rc8 18. Qd2 Nb4 19. a3 Nc2 20. Na1 Nxa1 21.
Rxa1 Qc5 22. Be4 Bh3 23. Bg2 Bxg2 24. Kxg2 Qc2 25. Rd1 a6 26. h4 Qb3 27. Qd4
Rc4 28. Rd3 Rxd4 29. Rxb3 b5 30. Rd3 Re4 31. Kf3 Re5 32. g4 f5 33. e3 Kf7 34.
Rd4 fxg4+ 35. Kxg4 a5 36. e4 Rh5 37. f4 e5 38. dxe6+ Kxe6 39. b4 axb4 40. axb4
Ke7 41. f5 Rh6 42. Rd5 gxf5+ 43. exf5 Rf6 44. Rxb5 h6 45. Rb7+ Kd8 46. Rg7 Rf8
47. Rg6 Kc7 48. Rxh6 Rb8 49. Rh7+ Kc6 50. f6 d5 51. Kf5 d4 52. Ke4 d3 53. Kxd3
Rxb4 54. f7 Rf4 55. Ke3 Rf1 56. Ke4 Kd6 57. h5 Ke6 58. h6 Rxf7 59. Rh8 Kf6 60.
h7 Kg7 61. Re8 1/2-1/2

[Event "JoeSK We 2015 Joensuu"]
[Site "?"]
[Date "2015.07.25"]
[Round "2"]
[White "Jouhki Yrjo-Markus"]
[Black "Piironen Petri"]
[Result "1-0"]
[WhiteElo "2297"]
[BlackElo "1974"]
[PlyCount "37"]

1. e4 Nc6 2. Nf3 e5 3. Bc4 Nf6 4. d3 d5 5. exd5 Nxd5 6. O-O Be7 7. Re1 Bg4 8.
h3 Bh5 9. g4 Bg6 10. Nxe5 Nxe5 11. Rxe5 c6 12. Qe1 Kf8 13. Bxd5 cxd5 14. Nc3 d4
15. Rd5 Qb6 16. Ne4 Re8 17. Bf4 Bxe4 18. Qxe4 Bc5 19. Re5 1-0

[Event "JoeSK We 2015 Joensuu"]
[Site "?"]
[Date "2015.07.25"]
[Round "2"]
[White "Dokutchaev Aleksander"]
[Black "Osmolnyui Vladimir"]
[Result "1-0"]
[WhiteElo "2426"]
[BlackElo "2181"]
[PlyCount "58"]

1. d4 Nc6 2. Nf3 d6 3. d5 Ne5 4. Nxe5 dxe5 5. c4 e6 6. Nc3 c6 7. dxc6 Qxd1+ 8.
Kxd1 bxc6 9. g3 f5 10. Bg2 e4 11. f3 exf3 12. exf3 Bc5 13. Kc2 Bd7 14. Re1 a5
15. Na4 Ba7 16. Be3 Nf6 17. Rad1 Ke7 18. Bc5+ Kf7 19. f4 Rhc8 20. Rd3 Rc7 21.
Bxa7 Raxa7 22. Nc5 Bc8 23. Bf3 h6 24. Rde3 Nd5 25. R3e2 Ra8 26. a3 Nb6 27. Kc3
Rb8 28. b3 Nd7 29. Nxe6 Rcb7 1-0

[Event "JoeSK We 2015 Joensuu"]
[Site "?"]
[Date "2015.07.25"]
[Round "3"]
[White "Hamalainen Sami"]
[Black "Sysun Alexander"]
[Result "1-0"]
[WhiteElo "2206"]
[BlackElo "1974"]
[PlyCount "201"]

1. e4 e5 2. Nf3 Nc6 3. d4 exd4 4. Bc4 Nf6 5. O-O Bc5 6. e5 d5 7. exf6 dxc4 8.
Re1+ Be6 9. fxg7 Rg8 10. Bg5 Be7 11. Bxe7 Kxe7 12. Re4 Qd5 13. Nc3 Qh5 14. Nxd4
Qxd1+ 15. Rxd1 Nxd4 16. Nd5+ Kd6 17. Rexd4 Bxd5 18. Rxd5+ Kc6 19. Rg5 Rae8 20.
Kf1 f6 21. Rf5 Re6 22. Re1 Kd6 23. Rxe6+ Kxe6 24. Rc5 Rxg7 25. Rxc4 Rd7 26. Ke2
c6 27. a4 Kd5 28. Rf4 Ke5 29. g3 b5 30. Ke3 f5 31. Rh4 a6 32. Rh6 bxa4 33. Rxc6
Rb7 34. Rxa6 Rxb2 35. Kd3 Rb4 36. Ra5+ Kf6 37. f3 h5 38. Kc3 Rb1 39. Ra6+ Ke5
40. Ra5+ Kf6 41. Rxa4 Rh1 42. Rh4 Kg5 43. Kd3 Rd1+ 44. Ke2 Rc1 45. Rc4 h4 46.
Rxh4 Rxc2+ 47. Kd3 Rf2 48. Ke3 Ra2 49. f4+ Kg6 50. Rh8 Rg2 51. Kf3 Ra2 52. h4
Ra3+ 53. Kg2 Ra2+ 54. Kh3 Ra1 55. Rg8+ Kh6 56. Rg5 Ra5 57. Kg2 Rb5 58. Kf3 Rb3+
59. Kf2 Rb5 60. Ke3 Ra5 61. Kd4 Rb5 62. Rg8 Ra5 63. Rh8+ Kg7 64. Re8 Kf6 65. h5
Ra3 66. Rg8 Ra4+ 67. Kd5 Ra5+ 68. Kc4 Kf7 69. Rg5 Kf6 70. h6 Ra4+ 71. Kb5 Ra8
72. h7 Rh8 73. Rh5 Kg6 74. Rh4 Kg7 75. Kc6 Rc8+ 76. Kd7 Rh8 77. Ke7 Kg6 78. Rh1
Kg7 79. Rh5 Kg6 80. Rg5+ Kh6 81. Rxf5 Rxh7+ 82. Rf7 Rh8 83. Rf8 Rh7+ 84. Kf6
Kh5 85. Kf5 Kh6 86. Rf6+ Kh5 87. g4+ Kh4 88. g5 Ra7 89. Rh6+ Kg3 90. Rf6 Kh4
91. Kg6 Ra8 92. Kg7 Kh5 93. g6 Ra7+ 94. Rf7 Ra6 95. f5 Ra8 96. Rf8 Ra7+ 97. Rf7
Ra8 98. Kh7 Ra6 99. f6 Kg5 100. g7 Rxf6 101. g8=Q+ 1-0

[Event "JoeSK We 2015 Joensuu"]
[Site "?"]
[Date "2015.07.25"]
[Round "3"]
[White "Andronov Mikhail"]
[Black "Dokutchaev Aleksander"]
[Result "1/2-1/2"]
[WhiteElo "2189"]
[BlackElo "2426"]
[PlyCount "122"]

1. e4 e5 2. d4 exd4 3. Bc4 Nc6 4. Nf3 Bc5 5. c3 Nf6 6. cxd4 Bb4+ 7. Bd2 Bxd2+
8. Nbxd2 d5 9. exd5 Nxd5 10. Qb3 Nce7 11. O-O O-O 12. Rfe1 c6 13. Ne4 a5 14. a4
Nb4 15. Ne5 Ned5 16. Bxd5 Qxd5 17. Qc3 f6 18. Nc4 Rb8 19. Nb6 Qd8 20. Qc5 Be6
21. Rad1 Nd5 22. Nxd5 Bxd5 23. Nc3 b6 24. Qe7 Bb3 25. Rd2 Re8 26. Qxd8 Rbxd8
27. Re3 Kf7 28. Rde2 Re6 29. Rxe6 Bxe6 30. Rd2 g5 31. f3 Bc4 32. Kf2 f5 33. g3
Rd6 34. h3 Kf6 35. Ke3 Re6+ 36. Kf2 Ke7 37. Rd1 Kd6 38. f4 gxf4 39. gxf4 Rh6
40. Kg3 Rg6+ 41. Kf3 b5 42. axb5 cxb5 43. Ra1 a4 44. Re1 b4 45. Nxa4 Bd5+ 46.
Kf2 Rg2+ 47. Kf1 Rg3 48. Re5 Rf3+ 49. Ke2 Rxf4 50. Ke3 Rf1 51. Ke2 Bc4+ 52. Kd2
f4 53. Nb6 Be6 54. Rh5 Rf2+ 55. Kd3 Rxb2 56. d5 Rb3+ 57. Kc4 Rxh3 58. Rg5 Rg3
59. Rh5 Bg8 60. Kxb4 f3 61. Nc4+ Ke7 1/2-1/2

[Event "JoeSK We 2015 Joensuu"]
[Site "?"]
[Date "2015.07.25"]
[Round "3"]
[White "Porrasmaa Timo"]
[Black "Jouhki Yrjo-Markus"]
[Result "1/2-1/2"]
[WhiteElo "2071"]
[BlackElo "2297"]
[PlyCount "50"]

1. Nf3 c5 2. c4 b6 3. e3 Nf6 4. d4 g6 5. Nc3 Bg7 6. d5 O-O 7. e4 d6 8. h3 e5 9.
g3 Na6 10. Bg2 Nc7 11. Nd2 Qe8 12. O-O Nh5 13. Rb1 f5 14. a3 f4 15. Kh2 Bh6 16.
b4 Qe7 17. bxc5 bxc5 18. Ne2 Rf7 19. Nf3 fxg3+ 20. fxg3 Bxc1 21. Qxc1 Ba6 22.
Nd2 Raf8 23. Rxf7 Rxf7 24. Nf3 Kg7 25. Qc2 h6 1/2-1/2

[Event "JoeSK We 2015 Joensuu"]
[Site "?"]
[Date "2015.07.26"]
[Round "4"]
[White "Jouhki Yrjo-Markus"]
[Black "Hamalainen Sami"]
[Result "1-0"]
[WhiteElo "2297"]
[BlackElo "2206"]
[PlyCount "41"]

1. e4 c5 2. Nf3 g6 3. d4 cxd4 4. Qxd4 Nf6 5. Bb5 Nc6 6. Qa4 Bg7 7. e5 Nd5 8.
O-O Nc7 9. Bxc6 dxc6 10. Nc3 b5 11. Qh4 Ne6 12. Bh6 Kf8 13. a4 b4 14. Rfd1 Qc7
15. Ne4 Bb7 16. Neg5 Nxg5 17. Nxg5 Qxe5 18. Rd7 Ba6 19. Rad1 Re8 20. Rxa7 Qe2
21. Qd4 1-0

[Event "JoeSK We 2015 Joensuu"]
[Site "?"]
[Date "2015.07.26"]
[Round "4"]
[White "Jonhede Marko"]
[Black "Andronov Mikhail"]
[Result "0-1"]
[WhiteElo "1941"]
[BlackElo "2189"]
[PlyCount "92"]

1. d4 Nf6 2. c4 c5 3. Nf3 cxd4 4. Nxd4 b6 5. e3 Bb7 6. Nf3 e6 7. g3 Qc7 8. b3
b5 9. Bg2 bxc4 10. O-O cxb3 11. Qxb3 Qb6 12. Nbd2 Qxb3 13. axb3 Bb4 14. Nc4 d5
15. Ba3 Bxa3 16. Nxa3 a6 17. Rfc1 Nc6 18. Nc2 Ke7 19. Ncd4 Nxd4 20. Rc7+ Kd6
21. Rxb7 Nxf3+ 22. Bxf3 Nd7 23. Be2 Rhb8 24. Rxb8 Nxb8 25. Kf1 Ra7 26. Ke1 Rb7
27. Kd2 Rxb3 28. Bxa6 Rb2+ 29. Ke1 Nd7 30. Be2 Nc5 31. f3 e5 32. Ra8 f6 33.
Rd8+ Ke6 34. Re8+ Kd7 35. Rg8 Ne6 36. f4 exf4 37. gxf4 f5 38. h4 Ke7 39. Bf3 d4
40. Bd5 dxe3 41. Bxe6 Kxe6 42. Rxg7 Kd5 43. Re7 Kd4 44. Kf1 Kd3 45. Re8 Rb1+
46. Kg2 e2 0-1

[Event "JoeSK We 2015 Joensuu"]
[Site "?"]
[Date "2015.07.26"]
[Round "4"]
[White "Dokutchaev Aleksander"]
[Black "Porrasmaa Timo"]
[Result "1-0"]
[WhiteElo "2426"]
[BlackElo "2071"]
[PlyCount "59"]

1. d4 Nf6 2. Nf3 g6 3. g3 Bg7 4. Bg2 O-O 5. c4 d6 6. O-O Nbd7 7. Nc3 e5 8. e4
a6 9. Re1 exd4 10. Nxd4 Ng4 11. h3 Qf6 12. Qxg4 Qxd4 13. Qe2 Ne5 14. Nd5 Qxc4
15. Qxc4 Nxc4 16. Nxc7 Rb8 17. Rb1 Bd7 18. b3 Ne5 19. Ba3 Rfd8 20. Red1 Bf8 21.
f4 Nc6 22. Rd2 Rbc8 23. Nd5 Be6 24. Nb6 Rb8 25. Rbd1 a5 26. Bxd6 Bxd6 27. Rxd6
Rxd6 28. Rxd6 Nb4 29. Rd2 Kf8 30. g4 1-0

[Event "JoeSK We 2015 Joensuu"]
[Site "?"]
[Date "2015.07.26"]
[Round "5"]
[White "Porrasmaa Timo"]
[Black "Jonhede Marko"]
[Result "0-1"]
[WhiteElo "2071"]
[BlackElo "1941"]
[PlyCount "94"]

1. Nf3 Nf6 2. c4 g6 3. g3 Bg7 4. Bg2 d6 5. d4 O-O 6. O-O c6 7. Nc3 Bf5 8. Nh4
Qc8 9. Nxf5 Qxf5 10. Bf4 Na6 11. Qd2 Rfe8 12. Bh6 Bh8 13. h3 Rab8 14. Rad1 Nc7
15. Rfe1 c5 16. e4 Qc8 17. dxc5 dxc5 18. e5 Nh5 19. g4 Ng7 20. Bd5 Nge6 21. Ne4
Nxd5 22. cxd5 Nd4 23. Qf4 Bxe5 24. Qe3 Bd6 25. Kg2 f6 26. g5 Nf5 27. Qc3 Be5
28. Qa3 b6 29. Kh1 Nxh6 30. gxh6 Qf5 31. Qd3 Qf4 32. Ng3 Qxf2 33. Rg1 c4 34.
Qa3 c3 35. Rdf1 Qxb2 36. Qa4 Rbc8 37. Qe4 Qd2 38. Rg2 Qxh6 39. Nf5 Qxh3+ 40.
Kg1 c2 41. d6 exd6 42. Qd5+ Kh8 43. Qf7 Qxf5 44. Rxf5 c1=Q+ 45. Rf1 Qe3+ 46.
Kh1 Qh6+ 47. Kg1 Bd4+ 0-1

[Event "JoeSK We 2015 Joensuu"]
[Site "?"]
[Date "2015.07.26"]
[Round "5"]
[White "Ivanov Sergey"]
[Black "Dokutchaev Aleksander"]
[Result "0-1"]
[WhiteElo "2386"]
[BlackElo "2426"]
[PlyCount "32"]

1. e4 e5 2. Nc3 Nf6 3. f4 d5 4. fxe5 Nxe4 5. Nf3 Bg4 6. Qe2 Nxc3 7. dxc3 Qd7 8.
h3 Bh5 9. Bf4 Na6 10. O-O-O O-O-O 11. Qf2 Nc5 12. Bg5 Be7 13. g4 Bg6 14. b4
Bxg5+ 15. Nxg5 Qe7 16. h4 Na4 0-1

[Event "JoeSK We 2015 Joensuu"]
[Site "?"]
[Date "2015.07.26"]
[Round "5"]
[White "Peltola Leo"]
[Black "Piironen Petri"]
[Result "1-0"]
[WhiteElo "1963"]
[BlackElo "1974"]
[PlyCount "55"]

1. e4 c5 2. Nf3 Nc6 3. d4 cxd4 4. Nxd4 d6 5. Nc3 g6 6. Be3 Bg7 7. Qd2 Nf6 8. f3
O-O 9. O-O-O Bd7 10. g4 Rc8 11. h4 h5 12. gxh5 Nxh5 13. Rg1 Kh7 14. f4 Nxd4 15.
Bxd4 Bxd4 16. Qxd4 Nxf4 17. e5 Ne6 18. Qe3 Ng7 19. Bd3 Bf5 20. Ne4 Qc7 21. exd6
Qc6 22. dxe7 Rfe8 23. h5 Kg8 24. hxg6 Rxe7 25. gxf7+ Rxf7 26. Qd4 Rfc7 27.
Rxg7+ Rxg7 28. Nf6+ 1-0

[Event "We Ekenas SK 90 vuotta Ekenas 2015"]
[Site "?"]
[Date "2015.08.29"]
[Round "4.1"]
[White "Rehn Ralf"]
[Black "Miettinen Teemu"]
[Result "1-0"]
[WhiteElo "2198"]
[BlackElo "1976"]
[PlyCount "97"]
[EventDate "2015.??.??"]

1. e4 e5 2. Nf3 Nc6 3. Bb5 a6 4. Ba4 Nf6 5. O-O b5 6. Bb3 Bc5 7. d3 d6 8. c3
O-O 9. Bg5 Qe7 10. Bd5 Bd7 11. Nh4 Rae8 12. Qf3 Nd8 13. Nd2 Ne6 14. Nf5 Qd8 15.
Bh6 g6 16. Bxf8 Rxf8 17. d4 Bb6 18. Bxe6 Bxe6 19. d5 Nxd5 20. Nh6+ Kg7 21. exd5
Bd7 22. Ng4 f5 23. Ne3 f4 24. Nc2 Qh4 25. Ne1 g5 26. g3 Qh6 27. g4 Qf6 28. h3
Kh8 29. Kh2 Be8 30. Ne4 Qg6 31. Ng2 c6 32. Rad1 cxd5 33. Rxd5 Bc7 34. Rfd1 Bc6
35. Qd3 f3 36. Ne3 Rf4 37. Nf5 h5 38. Rxd6 Bxd6 39. Qxd6 Qxd6 40. Nexd6 hxg4
41. hxg4 Rxg4 42. Nf7+ Kh7 43. Nxe5 Rg2+ 44. Kh3 Be4 45. Rd7+ Kg8 46. Rg7+ Kf8
47. Nd7+ Ke8 48. Nd6+ Kd8 49. Nxe4 1-0

[Event "We Ekenas SK 90 vuotta Ekenas 2015"]
[Site "?"]
[Date "2015.08.29"]
[Round "5.1"]
[White "Graeffe Petri"]
[Black "Rehn Ralf"]
[Result "0-1"]
[WhiteElo "1998"]
[BlackElo "2198"]
[PlyCount "72"]
[EventDate "2015.??.??"]

1. e4 c5 2. Nf3 Nc6 3. d4 cxd4 4. Nxd4 Nf6 5. Nc3 d6 6. Bc4 Qa5 7. f3 a6 8. Be3
Nxd4 9. Qxd4 g6 10. Qd2 Bg7 11. Bh6 O-O 12. Bxg7 Kxg7 13. g4 Be6 14. Bxe6 fxe6
15. O-O Rac8 16. Kg2 Qb6 17. Rab1 Qc6 18. Rfd1 b5 19. Rbc1 Rf7 20. Ne2 Rd8 21.
Rf1 e5 22. Ng3 Nd7 23. h4 Nc5 24. Qd5 Qxd5 25. exd5 Na4 26. c4 bxc4 27. Rxc4
Nb6 28. Rc3 Nxd5 29. Ra3 Rc8 30. Rf2 Rc6 31. Ne4 Rf8 32. Rd2 Nf4+ 33. Kf2 Rb8
34. Nc3 Rxb2 35. Rxb2 Nd3+ 36. Ke3 Nxb2 0-1

[Event "We Ekenas SK 90 vuotta Ekenas 2015"]
[Site "?"]
[Date "2015.08.29"]
[Round "5.2"]
[White "Kumpulainen Jari"]
[Black "Lindholm Jere"]
[Result "1-0"]
[WhiteElo "1939"]
[BlackElo "1991"]
[PlyCount "39"]
[EventDate "2015.??.??"]

1. e4 d5 2. exd5 Nf6 3. Nc3 Nxd5 4. Bc4 Nb6 5. Bb3 Nc6 6. Nf3 Bg4 7. Bxf7+ Kxf7
8. Ng5+ Ke8 9. Qxg4 Qd4 10. Nge4 e5 11. d3 Qd7 12. Qd1 Bb4 13. O-O Rf8 14. Be3
h6 15. a3 Bd6 16. b4 Ne7 17. Nc5 Bxc5 18. Bxc5 Nbd5 19. Nxd5 Qxd5 20. Qh5+ 1-0

[Event "We Ekenas SK 90 vuotta Ekenas 2015"]
[Site "?"]
[Date "2015.08.30"]
[Round "6.2"]
[White "Graeffe Petri"]
[Black "Kumpulainen Jari"]
[Result "1-0"]
[WhiteElo "1998"]
[BlackElo "1939"]
[PlyCount "45"]
[EventDate "2015.??.??"]

1. c4 Nf6 2. Nc3 c6 3. e4 d6 4. g3 e5 5. Bg2 Be6 6. d3 g6 7. Nge2 Bg7 8. O-O
O-O 9. Qb3 Qc8 10. f4 Na6 11. Qc2 Nh5 12. b3 f5 13. Ba3 c5 14. Rad1 Nb4 15.
Bxb4 cxb4 16. exf5 Bxf5 17. Nd5 Re8 18. Kh1 Bg4 19. Rde1 Qc5 20. Qd2 a5 21.
fxe5 dxe5 22. Qg5 Bd7 23. g4 1-0

[Event "We Ekenas SK 90 vuotta Ekenas 2015"]
[Site "?"]
[Date "2015.08.30"]
[Round "7.1"]
[White "Lindholm Jere"]
[Black "Rehn Ralf"]
[Result "0-1"]
[WhiteElo "1991"]
[BlackElo "2198"]
[PlyCount "120"]
[EventDate "2015.??.??"]

1. e4 Nf6 2. e5 Ng8 3. d4 d5 4. Nf3 c5 5. c3 cxd4 6. cxd4 Nc6 7. Nc3 a6 8. Be3
b5 9. Rc1 e6 10. Bd3 Nge7 11. O-O g6 12. Ng5 Nf5 13. Bxf5 exf5 14. Nxb5 axb5
15. Rxc6 Be7 16. Nh3 Bd7 17. Rc3 b4 18. Rc1 Rxa2 19. Qb3 Ra5 20. Nf4 Ba4 21.
Qd3 Bb5 22. Qc2 Bxf1 23. Qc6+ Qd7 24. Qc8+ Qxc8 25. Rxc8+ Bd8 26. Kxf1 O-O 27.
Rc5 Ra2 28. Nd3 Be7 29. Rxd5 Rc8 30. Rd7 Kf8 31. Rb7 Rd8 32. Bh6+ Ke8 33. Nxb4
Bxb4 34. Rxb4 Rc8 35. Ke2 Rc2+ 36. Kf3 Raxb2 37. Rxb2 Rxb2 38. Be3 Kd7 39. Kf4
Ke6 40. Kg5 h6+ 41. Kxh6 f4 42. Bxf4 Rxf2 43. g3 Rf3 44. Kg5 Rd3 45. h4 Rxd4
46. Kg4 Rc4 47. Kg5 Rc5 48. Kg4 Ra5 49. Kf3 Kf5 50. g4+ Ke6 51. Ke4 Ra4+ 52.
Kf3 Ra3+ 53. Ke4 Ra4+ 54. Kf3 Kd5 55. h5 Ra3+ 56. Kg2 gxh5 57. gxh5 Ke4 58. Bg3
Kf5 59. h6 Ra6 60. Kf3 Rxh6 0-1

[Event "We Ekenas SK 90 vuotta Ekenas 2015"]
[Site "?"]
[Date "2015.08.30"]
[Round "7.2"]
[White "Miettinen Teemu"]
[Black "Graeffe Petri"]
[Result "0-1"]
[WhiteElo "1976"]
[BlackElo "1998"]
[PlyCount "96"]
[EventDate "2015.??.??"]

1. e4 c5 2. Nf3 e6 3. d4 cxd4 4. Nxd4 a6 5. Nc3 Qc7 6. Be2 Nf6 7. O-O Nc6 8.
Be3 b5 9. Nxc6 dxc6 10. Bf3 Bb7 11. Qe2 Bd6 12. h3 Nd7 13. g3 h5 14. Bg2 O-O-O
15. a4 g5 16. axb5 cxb5 17. Rfd1 g4 18. h4 Ne5 19. Bd4 Rhg8 20. Bxe5 Bxe5 21.
Qe3 Rxd1+ 22. Nxd1 Rd8 23. Rc1 Bd4 24. Qb3 Qb6 25. c3 Bc5 26. Qc2 Kb8 27. b4
Bd6 28. Kh2 Rc8 29. Qd2 Qd8 30. Kg1 Be5 31. Qe3 Rc6 32. Bf1 Rd6 33. Be2 Rd2 34.
Kf1 f6 35. Ke1 Ra2 36. c4 Qd6 37. cxb5 Qxb4+ 38. Kf1 axb5 39. Qd3 Qxe4 40. Qxe4
Bxe4 41. Bxb5 Bd4 42. Bc4 Rc2 43. Rb1+ Kc7 44. Bxe6 Rc6 45. Rb4 Bd3+ 46. Ke1
Rxe6+ 47. Kd2 Bc5 48. Ra4 Bb5 0-1

[Event "We Ekenas SK 90 vuotta Ekenas 2015"]
[Site "?"]
[Date "2015.08.30"]
[Round "7.3"]
[White "Puittinen Mika"]
[Black "Kumpulainen Jari"]
[Result "1/2-1/2"]
[WhiteElo "1972"]
[BlackElo "1939"]
[PlyCount "35"]
[EventDate "2015.??.??"]

1. e4 d5 2. exd5 Qxd5 3. Nc3 Qa5 4. d4 Nf6 5. Bc4 c6 6. Bd2 Bf5 7. Qe2 e6 8. d5
cxd5 9. Nxd5 Qd8 10. Nxf6+ Qxf6 11. O-O-O Be7 12. g4 Bg6 13. Nf3 h6 14. g5 hxg5
15. Bxg5 Qf5 16. Bxe7 Kxe7 17. Bd3 Qf4+ 18. Qe3 $11 1/2-1/2

[Event "SM 2015 Kalajoki"]
[Site "Kalajoki"]
[Date "2015.06.11"]
[Round "5.1"]
[White "Agopov Mikael"]
[Black "Valli Frans"]
[Result "1-0"]
[WhiteElo "2437"]
[BlackElo "2305"]
[PlyCount "53"]
[EventDate "2015.??.??"]
[WhiteClock "1:30:56"]

1. e4 e5 2. Nf3 Nc6 3. d4 exd4 4. Nxd4 Nf6 5. Nxc6 bxc6 6. e5 Qe7 7. Qe2 Nd5 8.
c4 Ba6 9. b3 g6 10. f4 d6 11. Qf2 Nf6 12. Ba3 Qe6 13. Be2 dxe5 14. Bxf8 Kxf8
15. Nc3 Kg7 16. O-O Rhe8 17. fxe5 Qxe5 18. Na4 Ne4 19. Qxf7+ Kh8 20. Rad1 Nd6
21. Qxc7 Qe3+ 22. Kh1 Ne4 23. Rd7 Ng5 24. Qxc6 Rf8 25. Qc5 Qxe2 26. Qd4+ Kg8
27. Qg7# 1-0

[Event "SM 2015 Kalajoki"]
[Site "Kalajoki"]
[Date "2015.06.11"]
[Round "5.2"]
[White "Karttunen Mika"]
[Black "Nyysti Sampsa"]
[Result "0-1"]
[WhiteElo "2445"]
[BlackElo "2333"]
[PlyCount "104"]
[EventDate "2015.??.??"]
[WhiteClock "1:32:10"]
[BlackClock "1:31:52"]

1. e4 e5 2. Nf3 Nc6 3. d4 exd4 4. Nxd4 Bb4+ 5. c3 Bc5 6. Be3 Bb6 7. Nf5 Bxe3 8.
Nxe3 Nge7 9. f4 d6 10. Bc4 O-O 11. O-O Be6 12. Bd3 d5 13. f5 d4 14. Ng4 dxc3
15. bxc3 Bc8 16. Qe2 Re8 17. Ne3 Qd6 18. Nc4 Qc5+ 19. Qf2 Qxf2+ 20. Rxf2 b6 21.
Nbd2 Bb7 22. Nf3 Rad8 23. Bc2 Nc8 24. Re1 b5 25. Ncd2 Ne5 26. Nb3 Ba8 27. Nfd4
Nd6 28. Nc5 Nd7 29. Nxd7 Rxd7 30. e5 c5 31. Nb3 Nc4 32. Nxc5 Rd5 33. Nd3 Na3
34. Re3 Nxc2 35. Rxc2 Kf8 36. c4 Rxd3 37. Rxd3 Be4 38. Rdc3 b4 39. Rb3 Bxc2 40.
Rxb4 Rxe5 41. Rb8+ Re8 42. Rb7 Bxf5 43. Rxa7 Rc8 44. Ra5 Be6 45. c5 Ke7 46. Kf2
Kd7 47. g4 Bxg4 48. Ke3 Kc6 49. Kd4 Rd8+ 50. Kc4 Be6+ 51. Kb4 Rd4+ 52. Kc3 Rh4
0-1